000 00530cam a2200181 4500
008 000000n1970 000 0 eng u
020 _a0419106103
035 _a(Sirsi) u102937
050 _a692.5
110 _aDavis Belfield and Everest
_93164
245 _aSpon's A&B architects' and builders' price book 1971
250 _a96th ed.
260 _aLondon
_bE & F N Spon
_c1970
650 _aBUILDING PRICE BOOKS
650 _aBUILT ENVIRONMENT-BUILDING COSTS
690 _aBUILT ENVIRONMENT-BUILDING COSTS
942 _n0
999 _c100081
_d100081